Nachbarländer Deutschlands und deren Hauptstädte - Statistiken

Allgemein
  • Dieses Quiz wurde 646 mal gespielt
  • Das Durchschnittsergebnis liegt bei 17 aus 18
Antwortstatistiken
Hint Antwort % Korrekt
Land Dänemark
97%
Land Frankreich
97%
Land Österreich
97%
Land Polen
97%
Land Belgien
96%
Land Niederlande
96%
Hauptstadt Paris
96%
Land Schweiz
96%
Land Tschechien
95%
Land Luxemburg
94%
Hauptstadt Luxemburg
94%
Hauptstadt Wien
93%
Hauptstadt Bern
92%
Hauptstadt Warschau
92%
Hauptstadt Amsterdam
91%
Hauptstadt Kopenhagen
91%
Hauptstadt Brüssel
90%
Hauptstadt Prag
90%
Keine übereinstimmenden Quizze gefunden
Verteilung der Resultate
Anzahl Personen mit jedem Resultat
Perzentil nach korrekt beantworteten Fragen
Ihre Resultats-Entwicklung
Sie haben dieses Quiz noch nicht gespielt